| 000 | 00944nam a2200301 a 4500 | ||
|---|---|---|---|
| 001 | 56756 | ||
| 003 | BD-RjUL | ||
| 005 | 20211209080429.0 | ||
| 008 | 161204s1987 ii ||||| |||| 00| 0 eng d | ||
| 020 | _a8171510132 (Set) | ||
| 020 | _a8171510159 (v.2) | ||
| 020 | _a8171510167 (v.3) | ||
| 020 | _a8171510175 (v.4) | ||
| 020 | _a8171510183 (v.5) | ||
| 020 | _a8171510191(v.6) | ||
| 035 | _a(BD-RjUL)56880 | ||
| 040 |
_aBD-RjUL _beng _cBD-RjUL _dBD-RjUL |
||
| 041 | _aeng | ||
| 082 |
_223 _a297.12541 _bKHT 1987 |
||
| 100 | 1 |
_a Khan, Muhammad Muhsin _9168779 |
|
| 245 | 1 | 4 |
_aThe translation of the meanings of Sahih AL-Bukhari : _bArabic-English / _c Muhammad Muhsin Khan |
| 250 | _arev. ed. | ||
| 260 |
_aNew Delhi : _b Kitab Bhavan, _c©1984 [Reprinted 1987] |
||
| 300 |
_aV. ; _c26 cm |
||
| 505 | 0 | _aVol.1 -- v. 2 -- v. 3 -- v. 4 -- v. -- v. 5 -- v. 6 -- v. 7 -- v. 8 -- v. 9 -- | |
| 650 |
_aHadith _9168780 |
||
| 942 |
_2ddc _cBK |
||
| 999 |
_c56756 _d56756 |
||